News is people : The rise of local TV news and the fall of news from New York
Sparad:
| Huvudupphovsman: | |
|---|---|
| Materialtyp: | Bok |
| Språk: | Undetermined |
| Publicerad: |
Ames
Iowa State University Press
2001
|
| Ämnen: | |
| Taggar: |
Lägg till en tagg
Inga taggar, Lägg till första taggen!
|
| Thư viện lưu trữ: | Trung tâm Học liệu Trường Đại học Cần Thơ |
|---|
| LEADER | 00637nam a2200217Ia 4500 | ||
|---|---|---|---|
| 001 | CTU_163727 | ||
| 008 | 210402s9999 xx 000 0 und d | ||
| 020 | |c 62.95 | ||
| 082 | |a 070.195 | ||
| 082 | |b A425 | ||
| 100 | |a Allen, Craig | ||
| 245 | 0 | |a News is people : | |
| 245 | 4 | |b The rise of local TV news and the fall of news from New York | |
| 245 | 0 | |c Craig Allen | |
| 260 | |a Ames | ||
| 260 | |b Iowa State University Press | ||
| 260 | |c 2001 | ||
| 650 | |a Television broadcasting of news,Tin tức truyền hình | ||
| 650 | |z United State | ||
| 910 | |a Nguyên | ||
| 980 | |a Trung tâm Học liệu Trường Đại học Cần Thơ | ||